000 00411nam a22001577a 4500
020 _a9788177586909
040 _cNust
082 _a658.8
_bKOT
100 _aKeller Lane Kevin
_9124130
110 _aKotler, Philip
_9124131
245 _aMarketing Managemet
250 _a12th Edition
260 _aNew Delhi:
_bPearson Eductaion Pvt Ltd,
_c2006.
650 _aMarketing Managemet
_9124132
942 _2ddc
_cBK
999 _c610090
_d610090